History Quiz

Random History Quiz
Score 0/95 Timer 10:00
0 Plays Today
Time Name % Correct
15:44.0 Tyler
95%
15:46.7 Drews
95%
17:10.9 Papke
92.5%
18:24.7 Traudt
90%
16:39.4 Taylor
87.5%
19:24.0 Johnson
87.5%
22:40.0 Chamberlain
87.5%
28:06.7O’Brien
87.5%
15:49.6 Schmeckpeper
85%
16:25.2Pendleton
85%
19:13.0 Flanders
85%
28:19.0 Pagenkopf
85%
16:37.7Morris
82.5%
18:16.2 Drexler-Dreis
77.5%
19:41.0 Hackett
77.5%
16:48.9 Mazur
75%
17:14.29 Schroeder
72.5%
17:37.7Goldberg
72.5%
18:47.45 Schermer
72.5%
17:56.5 Heywood
70%
19:30.69 Heywood
67.5%
15:58.0 Erickson
65%
16:54.0 Salmon
65%
17:20.0 Vorphal
65%
17:28.3 Dodd
65%
16:07.0 Mccollow
62.5%
18:09.2Stahl
62.5%
17:50.84 Treacy
60%
18:08.3Mauer
60%
18:50.1 Stern
60%
18:07.8 Dulutri
57.5%
31:24.2Medley
57.5%
Time Name % Correct
16:42.5 End
55%
17:46.0 Depuis
55%
19:28.0 Guadagnino
55%
21:57.0 Schiro
55%
20:05.0 End
52.5%
17:01.0 Pierson
50%
17:31.0 Sandoval
50%
18:25.0 Weyer
50%
18:48.0 Seidner
47.5%
19:02.2 Vrobel
47.5%
19:55.4 Holling
47.5%
16:04.0 Walsh
42.5%
18:47.3Sandy
42.5%
18:56.2Triliegi
42.5%
19:50.0 Alfvin
42.5%
16:36.0 Haury
40%
17:14.0 Valusek
40%
17:49.0 Lee
40%
19:06.7 Froiland
40%
22:21.0 Clausen
40%
22:10.0 Holling
32.5%
17:46.0 Bassen
30%
18:42.0 Sandoval
30%
19:07.0 Carbon
30%
20:19.0 Sanders
30%
16:03.7 Epps
27.5%
20:15.4 Clingaman
27.5%
20:20.0 Tisdel
27.5%
20:35.0 Hackett
27.5%
20:40.0 Abraham
27.5%
21:41.7Bobrow
25%
21:52.7 Brushnahan
25%
Time Name % Correct
22:25.0 Brunlieb
25%
16:18.8 Kashian
22.5%
16:21.0 Maduza
22.5%
17:56.2 Moon
22.5%
22:00.0 Staub
20%
24:16.0Sorenson
20%
17:48.0 Kidd
17.5%
20:37.0 Davis
17.5%
16:23.0 Jones
15%
16:44.0 Stewart
15%
20:44.0 Bautz
15%
20:58.0 Weyer
15%
21:50.0 Phillips
15%
16:58.0 White
12.5%
20:00.0 Pham
12.5%
16:37.8 Berge
7.5%
17:23.3 Beukema
7.5%
21:32.0 Yella
7.5%
25:17.0 Egan
7.5%
18:26.0 Glass
5%
18:42.0 Armstrong
5%
20:40.0 Egan
5%
22:23.0 Matzner
5%
17:38.0 Gruehn
2.5%
18:03.0 Larson
2.5%
19:24.0 Wasserman
2.5%
21:02.0 Yoel
2.5%
22:34.0 Weber
2.5%
17:52.0 Eichinger
0%
18:39.0 Korom
0%
19:10.0 Zavala
0%
Remove Ads.
Support Sporcle.
Get the best of Sporcle when you Go Orange. This ad-free experience offers more features, more stats, and more fun while also helping to support Sporcle. Thank you for becoming a member.

You're not logged in!

Compare scores with friends on all Sporcle quizzes.
OR
Log In

Show Comments

Extras

Created Nov 15, 2010ReportNominate
Tags:Boy

Top Quizzes Today


Score Distribution

Your Account Isn't Verified!

In order to create a playlist on Sporcle, you need to verify the email address you used during registration. Go to your Sporcle Settings to finish the process.

Report this User

Report this user for behavior that violates our Community Guidelines.

Details: